Perfilando una pregunta: ¿aporte político de la educación popular?

Uloženo v:
Podrobná bibliografie
Hlavní autor: García-Huidobro Saavedra, Juan Eduardo (Autor)
Médium: Kniha
Jazyk:španělština
Vydáno: Santiago CIDE 1983
Edice:Documentos de Trabajo, 11
Témata:
Tagy: Přidat tag
Žádné tagy, Buďte první, kdo vytvoří štítek k tomuto záznamu!

MARC

LEADER 00000nam a2200000 a 4500
001 UCZ9866
003 CL-VaPUC
008 960311e19830000CL |||||||||||||||||spa|d
082 0 4 |a 306.43  |b GAR  |2 21 
100 |a García-Huidobro Saavedra, Juan Eduardo  |e author  |9 489835 
245 1 0 |a Perfilando una pregunta: ¿aporte político de la educación popular? 
300 |a 17 p 
942 |c BK 
945 |d 19960311 00:00:00  |a paguirre 
260 |a Santiago  |b CIDE  |c 1983 
650 0 |a Educación popular  |9 308964 
650 0 |a Sociología de la educación   |9 260380 
650 0 |a Política educacional  |9 308011 
650 0 |a Sistemas educacionales  |9 324695 
583 |a last modification  |c 19960311 00:00:00  |k Rodrigo Vera 
490 0 |a Documentos de Trabajo, 11 
999 |c 244921  |d 244919 
952 |0 0  |1 0  |4 0  |6 306_430000000000000_GAR_1983  |7 0  |8 P  |9 259201  |a BIBEDU  |b BIBEDU  |c BIBEDU_PB  |d 2019-11-19  |i 1630741  |o 306.43 GAR 1983  |p 1630741  |r 2024-01-25  |w 2019-11-19  |y BK  |k EDU